000 00430nam a2200181Ia 4500
001 18161
005 20260306171610.0
008 260306s9999||||xx |||||||||||||| ||und||
041 _aESP
082 _a658.4012
_bP19
100 _aPalacios Acero, Luis Carlos
_eAUT
245 0 _aDirección estrategica
260 _c2010
300 _a155 páginas :
_c24 cm.
650 _aGEN
654 _aCAN
942 _cLIB
_dJUS
_fJUS
_2ddc
_n
999 _c18161
_d18161